Managing employee performance : design and implementation in organisation (Record no. 97291)

MARC details
000 -LEADER
fixed length control field 00388nam a2200133Ia 4500
008 - FIXED-LENGTH DATA ELEMENTS--GENERAL INFORMATION
fixed length control field 230128s9999 xx 000 0 und d
041 ## - LANGUAGE CODE
Language code of text/sound track or separate title eng
082 ## - DEWEY DECIMAL CLASSIFICATION NUMBER
Classification number WIL XB0140
Item number WIL
100 ## - MAIN ENTRY--PERSONAL NAME
Personal name Williams R S
9 (RLIN) 118988
245 ## - TITLE STATEMENT
Title Managing employee performance : design and implementation in organisation
260 ## - PUBLICATION, DISTRIBUTION, ETC. (IMPRINT)
Date of publication, distribution, etc. 2003
Name of publisher, distributor, etc. Thomson publication
Place of publication, distribution, etc. New Delhi
300 ## - PHYSICAL DESCRIPTION
Extent 278p

No items available.